| 000 | 00700nam a2200229 i 4500 | ||
|---|---|---|---|
| 001 | bg | ||
| 245 | 0 | 0 |
_aMaszyny elektryczne : _blaboratorium / _cKrystyna Bula [et al. _nCz. _n2. |
| 260 |
_aRzeszów : _bOficyna Wydawnicza Politechniki Rzeszowskiej, _c1995. |
||
| 300 |
_a196 s. : _brys., wykr. ; _c24 cm. |
||
| 504 | _aBibliogr. s. 195-196. | ||
| 521 | _aDla studentów Wydz. Elektrycznego. | ||
| 650 | 9 | _aMaszyny elektryczne | |
| 655 | _aPodręczniki akademickie | ||
| 700 | 1 | _aBULA, Krystyna. | |
| 020 | _a8386705388 (cz. 2) | ||
| 040 | _cBPK | ||
| 041 | 0 | _apol | |
| 080 | _a621.313(075.8) | ||
| 920 | _a83-86705-38-8 (cz. 2) | ||
| 942 | _cKS | ||
| 008 | s pl f |000 0 pol | ||
| 999 |
_c24499 _d24499 |
||
| 856 |
_uhttp://koha.tu.koszalin.pl/cgi-bin/koha/opac-detail.pl?biblionumber=24499 _yKatalog online BPK |
||